00195nam a2200073Ia 4500008004100000100002500041245003500066260002000101170817s9999 xx 000 0 und d aAsthana.Hari.Shankar 0aStatistics For Social Sciences bP.H.I.Pub Delhi